000 00613nam a2200217 a 4500
005 20140311163009.0
008 051017s19uu xx 00 eng d
020 _a0538438088
050 _aHF 5548.32
_b .K673 2005
100 _aKleindl, Brad Alan
245 _aE-commerce marketing /
_cBrad Alan Kleindl, James L. Burrow.
260 _aAustralia :
_bSouth-Western/Thomson,
_c2005.
300 _aix, 312 p. ;
_c27 cm.
521 _aBSBA
650 _aElectronic commerce.
650 _aInternet marketing.
700 _aBurrow, james L.
942 _cBK
_2lcc
_kFOR
999 _c39363
_d39363